Economic statecraft

Uloženo v:
Podrobná bibliografie
Hlavní autor: Baldwin, David Allen (Autor)
Médium: Kniha
Jazyk:angličtina
Vydáno: Princeton Princeton University Press 1985
Témata:
Tagy: Přidat tag
Žádné tagy, Buďte první, kdo vytvoří štítek k tomuto záznamu!

MARC

LEADER 00000nam a2200000 a 4500
001 UCW9182
003 CL-VaPUC
008 881215e19850000US |||||||||||||||||eng|d
082 0 4 |a 337  |b BAL  |2 21 
100 0 |a Baldwin, David Allen  |e author  |9 314339 
245 1 0 |a Economic statecraft 
300 |a 409 p 
942 |c BK 
945 |d 19881215 00:00:00 
260 |a Princeton  |b Princeton University Press  |c 1985 
650 0 |a Economía internacional  |9 258254 
650 0 |a Relaciones Internacionales  |9 255740 
583 |a last modification  |c 20120703 09:30:28  |k Rodrigo Vera 
999 |c 221212  |d 221210